000 02975njm0a2200397 4500
001 RU\NLR\ONIZ\310450
005 20260622111635.0
035 _a(NLR Aleph) 022838226
071 0 0 _aС-01017-01018
090 _a13736612
_c13736612
100 _a20260608f19001999||uy0rusy50 ca
102 _aRU
126 _aabaxexu ux
_bxxx
127 _a004500
200 1 _aИберия
_bЗвукозапись
_e№ 2 из цикла "Образы" для оркестра
_fК. Дебюсси
_gисполняет: симфонический оркестр Московской государственной филармонии, дирижёр К. Кондрашин
203 _aМузыка
_bисполнительская
_cаудио
210 _aМосква
_cМелодия
_gЗавод грампластинок
_eАпрелевка
_d[19--]
215 _a1 грп. [ТУ 35 ХП 558-63] (45 мин): 33 об/мин, стерео
_d30 см, в конверте
423 0 _12001#$aПаганиниана$bЗвукозапись$eдивертисмент на музыку Н. Паганини$eсоч. 65$fА. Казелла$gисполняет: симфонический оркестр Московской государственной филармонии, дирижёр К. Кондрашин
_16890#$aЩ951.1-043(4Ит)
_1700#1$9z01790$aКазелла$bА.$gАльфредо$cкомпозитор$f1883-1947$4230$7ca
_1702#1$9z02790$aКондрашин$bК. П.$gКирилл Петрович$f1914-1981$4250$7ca
_1702#1$9z03790$aПаганини$bН.$gНиколо$f1782-1840$4545$4svl$7ca
_171202$aСимфонический оркестр Московской государственной филармонии$4590$7ca
_1790#1$9z01700$aCasella$bA.$gAlfredo$f1883-1947$4230$7ba
_1790#1$9z02702$aKondrašin$bK. P.$gKirill Petrovič$f1914-1981$4250$7ba
_1790#1$9z03702$aPaganini$bN.$gNicсolò$f1782-1840$4545$4svl$7ba
500 0 0 _aОбразы
_iИберия, № 2
_bЗвукозапись
_rсимфонический оркестр
606 1 _aДирижёры
_yСССР
_z20 век
_jЗвукозапись
_2nlr_sh
606 1 _aОркестры симфонические
_yРоссия
_z20-21 вв.
_jЗвукозапись
_2nlr_sh
_7ca
686 0 _aЩ951.1-054(4Фр)
700 1 _6z01790
_aДебюсси
_bК.
_f1862-1918
_gКлод
_4230
_7ca
702 1 _6z02790
_aКондрашин
_bК. П.
_f1914-1981
_gКирилл Петрович
_4250
_7ca
712 0 2 _aСимфонический оркестр Московской государственной филармонии
_4590
_7ca
790 1 _6z01700
_aDebussy
_bC.
_f1862-1918
_gAchille-Claude
_4230
_7ba
790 1 _6z02702
_aKondrašin
_bK. P.
_f1914-1981
_gKirill Petrovič
_4250
_7ba
801 0 _aRU
_bNLR
_c20260608
_gPSBO
801 1 _aRU
_bNLR
_c20260608
_2rusmarc
801 2 _aRU
_bNLR
_c20260608
852 _aNLR
_jМг 3/11394
_m46455
_t1
942 _cREC
980 _aONIZ
980 _aNB